000
00299nam a2200133Ia 4500
100
_a
Walston/J.A/ Miller/I
942
_c
BK
654
_a
transistor
245
_a
Transistor circuit design
260
_b
McGraw Hill
_a
Ackland
_c
1986
082
_a
621.3815
_b
WAL
300
_a
523
546
_a
ENGLISH
999
_c
32780
_d
32780